000 00430nam a2200181 a 4500
001 1755155983902
003 ACL
005 20250814125238.0
008 250814s2009##################000#0#eng##
020 _a9780944142859
082 0 4 _a730.92
_bHUY
100 1 _aHuyler, Stephen P.,
_eauthor.
245 1 0 _aSonabai :
260 _bMapin Publishing Pvt,
_c2009.
650 0 _aArt.
942 _cENGLISH
040 _aACL
_beng
_cACL
999 _c582295
_d582295